[Event "Lignano Sabbiadoro op 2nd"]
[Site "Lignano Sabbiadoro"]
[Date "2016.08.06"]
[Round "8"]
[White "Gennari, Jacopo"]
[Black "Bergamasco, Tommaso"]
[Result "1/2-1/2"]
[WhiteElo "2008"]
[BlackElo "2177"]
[PlyCount "178"]
[EventDate "2016.07.31"]
[EventType "swiss"]
[EventRounds "9"]
[EventCountry "ITA"]
[SourceTitle "CBM 173 Extra"]
[Source "ChessBase"]
[SourceDate "2016.08.29"]
[SourceVersion "1"]
[SourceVersionDate "2016.08.29"]
[SourceQuality "1"]

1. d4 Nf6 2. c4 d6 3. Nc3 g6 4. e4 Bg7 5. Nge2 0-0 6. Ng3 e5 7. d5 Ng4 8. Bd3 Qh4 9. Qc2 Na6 10. h3 Nb4 11. Qd2 Nxf2 12. Kxf2 f5 13. Qg5 fxe4+ 14. Kg1 Qxg5 15. Bxg5 exd3 16. Rd1 Bf5 17. a3 Nc2 18. Nge4 h6 19. Bc1 Nd4 20. Rxd3 Bxe4 21. Nxe4 Ne2+ 22. Kh2 b6 23. Bd2 a5 24. a4 Rf7 25. Rf3 Rxf3 26. gxf3 Rf8 27. Rf1 Nf4 28. Bxf4 Rxf4 29. Kg2 Bf6 30. Kf2 Kf7 31. b3 Bd8 32. Rg1 Rh4 33. Rh1 Bg5 34. Kg3 Rf4 35. Kg2 Bd8 36. Kg3 g5 37. Kg2 h5 38. Re1 g4 39. fxg4 hxg4 40. hxg4 Rxg4+ 41. Kf3 Rf4+ 42. Ke3 Rh4 43. Rf1+ Ke8 44. Rf3 Rh2 45. Kd3 Bh4 46. Re3 Ra2 47. Re2 Ra1 48. Rh2 Be7 49. Rh8+ Kd7 50. Rh7 Rf1 51. Rg7 Rf5 52. Ke3 Rf8 53. Ng5 Re8 54. Ne6 c6 55. Ke4 Rh8 56. Rg3 Rh1 57. Ng7 cxd5+ 58. cxd5 Rh4+ 59. Ke3 Rb4 60. Kd2 Bh4 61. Rf3 Rd4+ 62. Rd3 Rg4 63. Ne6 Rg2+ 64. Kc3 b5 65. Re3 bxa4 66. bxa4 Rg4 67. Kb3 Rg3 68. Rxg3 Bxg3 69. Ng5 Be1 70. Ne4 Bb4 71. Kc4 Ke7 72. Kd3 Kf7 73. Ke3 Kg6 74. Kf3 Kf5 75. Ng3+ Kg5 76. Ne4+ Kh4 77. Nf2 Ba3 78. Ne4 Kh3 79. Nf2+ Kh2 80. Ne4 Kg1 81. Nf2 Kf1 82. Nd3 Kg1 83. Ke3 Kg2 84. Ke4 Kg3 85. Ke3 Kg2 86. Ke4 Bb4 87. Ke3 Bc3 88. Ke2 e4 89. Nf2 Bb4 1/2-1/2